00557nam a2200157Ia 4500008004100000082001500041100001800056245007900074260003100153300000800184520001500192620001500207630007900222700001900301730007900320100122s9999 xx 000 0 und d b68010a150 aGOLDBERG HERB a"MONEY MADNESS (THE SYCHOLOGY OF SAVING, SPENDING, LOVING & HATING MONEY)" bNEW AMERICAN LIBRARYc1979 a216 aPSYCHOLOGY aPSYCHOLOGY a"MONEY MADNESS (THE SYCHOLOGY OF SAVING, SPENDING, LOVING & HATING MONEY)" aLEWIS ROBERT T a"MONEY MADNESS (THE SYCHOLOGY OF SAVING, SPENDING, LOVING & HATING MONEY)"